Normal view
MARC view
Entry Personal Name
001 - CONTROL NUMBER
- control field: 11089
003 - CONTROL NUMBER IDENTIFIER
- control field: ARRUPE
005 - DATE AND TIME OF LATEST TRANSACTION
- control field: 20140908133517.0
008 - FIXED-LENGTH DATA ELEMENTS
- fixed length control field: 140908|| aca||aabn | a|a d
040 ## - CATALOGING SOURCE
- Original cataloging agency: ARRUPE
- Transcribing agency: ARRUPE
100 ## - HEADING--PERSONAL NAME
- Personal name: Fiedler, Maureen.
670 ## - SOURCE DATA FOUND
- Source citation: Work cat.: (ARRUPE)0: Fiedler, Maureen 11085, Rome has spoken :, c1998.